№ 3/4; Нефтяное хозяйство

গ্রন্থ-পঞ্জীর বিবরন
Parent link:Нефтяное хозяйство: научно-технический производственный журнал. № 3/4.— , 1925-1940, 1946-
ভাষা:রুশ
প্রকাশিত: 1946
বিন্যাস: MixedMaterials গ্রন্থ
KOHA link:https://koha.lib.tpu.ru/cgi-bin/koha/opac-detail.pl?biblionumber=519410

MARC

LEADER 00000nam2a2200000 4500
001 519410
005 20231101110112.0
035 |a (RuTPU)RU\TPU\prd\198599 
035 |a RU\TPU\prd\198597 
090 |a 519410 
100 |a 20131029a19469999km y0rusy50 ca 
101 0 |a rus 
102 |a RU 
200 0 |a № 3/4 
210 |d 1946 
461 1 |0 (RuTPU)RU\TPU\prd\1638  |t Нефтяное хозяйство  |o научно-технический производственный журнал  |v № 3/4  |d 1925-1940, 1946- 
801 0 |a RU  |b 63413507  |c 20010227  |g PSBO 
801 1 |a RU  |b 63413507  |c 20130225 
801 2 |a RU  |b 63413507  |c 20131029  |g RCR 
942 |c BK 
999 |a НТБ_ТПУ  |b НФ  |e -4/20130109  |p П-1602  |u 0,00  |v 1  |x 5151